00585nam a2200145Ia 4500008004100000024005600041082001900097100007500116245003600191260002500227600002700252650003300279952011000312999001700422250506s9999 xx 000 0 und d a07B-128-EE, 07B-120-EE, 07B-106-EE & 07B-136-EE a621.815072 SAL aSalman Iqbal Shamsi, Ali Ahmed Sheikh, Waqas Iqbal & Syed Muzammil Ali 0aWire Twister and Winder Machine aKarachi:bUIT,c2007 aElectronic Engineering aBachelor of Engineering (BE) 001040708PR-EEaUITUbUITUd2022-07-26l0o621.815072 SALpEE-187r2025-05-06 11:34:13w2025-05-06yPR c27938d27938